|
|
|
|
| LEADER |
00852nab a2200205 i 4500 |
| 001 |
misc73900 |
| 005 |
20241217130047.0 |
| 008 |
231221s1961 hu o 000 eng d |
| 040 |
|
|
|a SZTE Miscellanea Repozitórium
|b hun
|
| 041 |
|
|
|a eng
|
| 100 |
1 |
|
|a Avery John
|
| 245 |
1 |
3 |
|a On the energy transfer in biological systems
|h [elektronikus dokumentum] /
|c Avery John
|
| 260 |
|
|
|a National Academy of Sciences of the United States of America
|b Washington, D.C.
|c 1961-11-01
|
| 300 |
|
|
|a 1742-1744
|
| 490 |
0 |
|
|a Proceedings of the National Academy of Sciences of the United States of America : PNAS
|v 47 No. 11
|
| 561 |
|
|
|a Szent-Györgyi Albert tudományos és egyéb írásai
|
| 695 |
|
|
|a Energiaátvitel
|
| 700 |
0 |
1 |
|a Bay Zoltan
|e aut
|
| 700 |
0 |
2 |
|a Szent-Györgyi Albert
|e aut
|
| 856 |
4 |
0 |
|u http://misc.bibl.u-szeged.hu/73900/1/szgya_magyar_277.pdf
|z Dokumentum-elérés
|